Pays les moins corrompus au monde - Statistiques

Statistiques générales
  • Ce quiz a été pris 499 fois
    318 depuis la dernière actualisation
  • Le résultat moyen est 14 sur 19
Statistiques - réponses
Rang Score Pays % Correct
3 85 Finlande
92%
7 84 Norvège
92%
3 85 Suède
92%
1 88 Danemark
86%
17 75 Islande
84%
11 77 Canada
82%
3 85 Suisse
82%
19 74 Japon
81%
9 80 Allemagne
75%
8 82 Pays-Bas
75%
15 76 Belgique
74%
11 77 Australie
71%
20 73 Irlande
70%
11 77 Royaume-Uni
69%
9 80 Luxembourg
68%
1 88 Nouvelle-Zélande
67%
15 76 Autriche
59%
17 75 Estonie
55%
3 85 Singapour
51%
Aucun quiz correspondant
Distribution des résultats
% des personnes avec chaque résultat
Percentile par nombre de réponses
Votre historique - résultats
Vous n’avez pas pris ce quiz depuis la dernière actualisation